| 000 | 004240000a22001810004500 | ||
|---|---|---|---|
| 003 | MACL | ||
| 005 | 20160102121705.0 | ||
| 008 | 160102b xxu||||| |||| 00| 0 eng d | ||
| 040 |
_aMACL _cMACL |
||
| 041 | _aEnglish | ||
| 082 | _a610/VAI | ||
| 100 |
_aBaba, Gangotri _926894 |
||
| 245 | _aYogic | ||
| 260 |
_bYoga Sansthan _c1978 _aJaipur |
||
| 350 | _a17 | ||
| 650 |
_aMedical Science _926895 |
||
| 942 |
_cBK _k610/Bab _2ddc |
||
| 999 |
_c33852 _d33852 |
||